Trinidad & Tobago all time starting xi - Statistics

General Stats
  • This quiz has been taken 8 times
  • The average score is 2 of 11
Answer Stats
Hint Answer % Correct
FW(1989-2009 Dwight Yorke
83%
DF(2010- Joevin Jones
33%
FW(1995-2011 Stern John
33%
DF(1996-2009 Marvin Andrews
17%
GK(2007- Marvin Phillip
17%
MF(1994-2005 Angus Eve
0%
DF(1999-2017 Carlos Edwards
0%
DF(2010-2019 Daneil Cyrus
0%
MF(2002-2013 Densill Theobald
0%
MF(2007-2021 Khaleem Hyland
0%
FW(2016- Levi García
0%
No matching quizzes found
Score Distribution
Percent of People with Each Score
Percentile by Number Answered
Your Score History
You have not taken this quiz